[Event "Romania blitz online op final"]
[Site "Chess.com INT"]
[Date "2020.05.06"]
[Round "1"]
[White "Panainte, Daniel Iulian"]
[Black "Grunberg, Mihai Lucian"]
[Result "1-0"]
[WhiteElo "1845"]
[BlackElo "2401"]
[PlyCount "143"]
[EventDate "2020.05.06"]
[EventType "swiss (blitz)"]
[EventRounds "9"]
[EventCountry "ROU"]
[SourceTitle "CBM 196 Extra"]
[Source "ChessBase"]
[SourceDate "2020.07.31"]
[SourceVersion "1"]
[SourceVersionDate "2020.07.31"]
[SourceQuality "1"]

1. e4 Nf6 2. Nc3 d5 3. exd5 Nxd5 4. Nxd5 Qxd5 5. Nf3 Bg4 6. Be2 e5 7. 0-0 Nc6 8. d3 Bc5 9. h3 Bh5 10. Re1 0-0 11. Nh2 Bxe2 12. Qxe2 Rfe8 13. Be3 Rad8 14. Qg4 Bxe3 15. fxe3 e4 16. d4 f5 17. Qf4 Qf7 18. Rf1 Ne7 19. Ng4 Nd5 20. Qxf5 Qxf5 21. Rxf5 Re6 22. c4 Nb4 23. a3 Nd3 24. b4 c6 25. Raf1 Nb2 26. Ne5 Nd3 27. Nf7 Rde8 28. c5 g6 29. Rg5 Kg7 30. Nd6 R8e7 31. d5 cxd5 32. Rxd5 h5 33. Rd4 b6 34. cxb6 axb6 35. Nc8 Rc7 36. Nd6 Rce7 37. b5 Nc5 38. a4 Ra7 39. Ra1 Nb3 40. Rad1 Nxd4 41. Rxd4 Rae7 42. Nc4 Ra7 43. Nd6 Kh7 44. Nxe4 Rae7 45. Ng5+ Kh6 46. Nxe6 Rxe6 47. Kf2 Kg5 48. g3 Kf5 49. Kf3 g5 50. g4+ hxg4+ 51. hxg4+ Kf6 52. e4 Ke7 53. Rd5 Kf7 54. Rxg5 Rd6 55. Rd5 Rh6 56. Kf4 Rh3 57. Kg5 Re3 58. Rd7+ Ke6 59. Rb7 Rxe4 60. Rxb6+ Kd7 61. a5 Re5+ 62. Kh6 Kc7 63. g5 Re1 64. g6 Ra1 65. Rc6+ Kb7 66. a6+ Ka8 67. g7 Rh1+ 68. Kg6 Rg1+ 69. Kf7 Ka7 70. Rg6 Rf1+ 71. Ke6 Rf8 72. gxf8Q 1-0

[Event "Corund Ceramica op 3rd"]
[Site "Corund"]
[Date "2017.10.01"]
[Round "9"]
[White "Panainte, Daniel Iulian"]
[Black "Biro, Sandor"]
[Result "0-1"]
[WhiteElo "2028"]
[BlackElo "2179"]
[PlyCount "66"]
[EventDate "2017.09.26"]
[EventType "swiss"]
[EventRounds "9"]
[EventCountry "ROU"]
[SourceTitle "EXT 2018"]
[Source "ChessBase"]
[SourceDate "2017.10.13"]
[SourceVersion "1"]
[SourceVersionDate "2017.10.13"]
[SourceQuality "1"]

1. e4 Nc6 2. Nf3 e5 3. d4 exd4 4. Bc4 Nf6 5. e5 d5 6. Bb5 Ne4 7. Nxd4 Bc5 8. c3 0-0 9. Bxc6 bxc6 10. 0-0 f6 11. Bf4 fxe5 12. Bxe5 Qe8 13. Bg3 Qg6 14. Nd2 Nxg3 15. hxg3 Bg4 16. Qa4 Rf6 17. Rae1 Raf8 18. Re3 Qh5 19. f3 Qg5 20. f4 Qh5 21. Re5 Qg6 22. Rfe1 Bf5 23. Nf1 Bc2 24. b3 h6 25. Ne3 Be4 26. Kf2 Kh7 27. b4 Bd6 28. Nxc6 d4 29. Ne7 dxe3+ 30. Rxe3 Rxf4+ 31. Kg1 Rf1+ 32. Kh2 Bxe7 33. R3xe4 Bd6 0-1

[Event "Corund Ceramica op 3rd"]
[Site "Corund"]
[Date "2017.09.30"]
[Round "7"]
[White "Cimpean, Andra"]
[Black "Panainte, Daniel Iulian"]
[Result "0-1"]
[WhiteElo "1901"]
[BlackElo "2028"]
[PlyCount "124"]
[EventDate "2017.09.26"]
[EventType "swiss"]
[EventRounds "9"]
[EventCountry "ROU"]
[SourceTitle "EXT 2018"]
[Source "ChessBase"]
[SourceDate "2017.10.13"]
[SourceVersion "1"]
[SourceVersionDate "2017.10.13"]
[SourceQuality "1"]

1. e4 e6 2. d4 d5 3. Nd2 dxe4 4. Nxe4 Bd7 5. Nf3 Bc6 6. Bd3 Nd7 7. 0-0 Ngf6 8. Ned2 Bd6 9. Re1 Bf4 10. Nc4 Bxc1 11. Rxc1 Nb6 12. Nce5 Bxf3 13. Nxf3 0-0 14. c4 Rc8 15. b3 c5 16. h3 Re8 17. dxc5 Rxc5 18. b4 Rc7 19. Ne5 Nbd7 20. Qb3 Nxe5 21. Rxe5 Qd4 22. Rce1 Rd8 23. Bf1 Rcd7 24. Qe3 Qxe3 25. R5xe3 Rd2 26. a3 Ra2 27. g3 Rdd2 28. R1e2 Rxe2 29. Bxe2 Rc2 30. Bf3 b6 31. Be2 Kf8 32. Kg2 Ne8 33. Re4 Ke7 34. Kf3 Nd6 35. Rh4 Nf5 36. Re4 Rc3+ 37. Kg2 Rxa3 38. c5 Rc3 39. cxb6 axb6 40. h4 Nd6 41. Rd4 e5 42. Rg4 g6 43. h5 f5 44. Rh4 g5 45. Rh1 Rc2 46. Bd3 Rd2 47. Bb1 Rb2 48. Rc1 Rxb4 49. Rc7+ Kf6 50. Ba2 Rb2 51. Bg8 e4 52. Rxh7 e3 53. Rh6+ Kg7 54. Rxd6 Rxf2+ 55. Kg1 Kxg8 56. Rxb6 f4 57. Rg6+ Kh7 58. Rxg5 f3 59. Re5 Rg2+ 60. Kf1 e2+ 61. Ke1 Rg1+ 62. Kd2 Rd1+ 0-1

[Event "Corund Ceramica op 3rd"]
[Site "Corund"]
[Date "2017.09.27"]
[Round "2"]
[White "Panainte, Daniel Iulian"]
[Black "Acsinte, Matei Ionut"]
[Result "0-1"]
[WhiteElo "2028"]
[BlackElo "2260"]
[PlyCount "102"]
[EventDate "2017.09.26"]
[EventType "swiss"]
[EventRounds "9"]
[EventCountry "ROU"]
[SourceTitle "EXT 2018"]
[Source "ChessBase"]
[SourceDate "2017.10.13"]
[SourceVersion "1"]
[SourceVersionDate "2017.10.13"]
[SourceQuality "1"]

1. e4 g6 2. d4 Bg7 3. Nc3 d6 4. Be3 a6 5. Qd2 b5 6. 0-0-0 Bb7 7. f3 Nd7 8. h4 h5 9. g3 c5 10. Bh3 Ngf6 11. dxc5 Nxc5 12. e5 b4 13. exf6 bxc3 14. Qxc3 Bxf6 15. Bd4 Bxd4 16. Qxd4 0-0 17. g4 e5 18. Qd2 hxg4 19. Bxg4 f5 20. Bh3 Rb8 21. Qxd6 Qxd6 22. Rxd6 Kg7 23. b4 Na4 24. Rh2 Nc3 25. Kb2 Nb5 26. Rd7+ Rf7 27. Rhd2 Nd4 28. Rxf7+ Kxf7 29. f4 Nc6 30. Nf3 exf4 31. Ng5+ Ke7 32. Re2+ Kd7 33. a3 Rh8 34. Re6 Ne7 35. Rb6 Bd5 36. Rxa6 Rxh4 37. Bf1 Rh5 38. Bb5+ Bc6 39. Ra7+ Ke8 40. Bxc6+ Nxc6 41. Ra8+ Kd7 42. Nf3 Rh3 43. Nd2 f3 44. b5 Nd4 45. Ra7+ Kd6 46. Ra6+ Kc5 47. Rxg6 Rh2 48. b6 Rxd2 49. b7 Rxc2+ 50. Ka1 f2 51. Rb6 f1Q+ 0-1

[Event "Corund Ceramica op 3rd"]
[Site "Corund"]
[Date "2017.09.26"]
[Round "1"]
[White "Sriram, Jha"]
[Black "Panainte, Daniel Iulian"]
[Result "1-0"]
[WhiteElo "2367"]
[BlackElo "2028"]
[PlyCount "115"]
[EventDate "2017.09.26"]
[EventType "swiss"]
[EventRounds "9"]
[EventCountry "ROU"]
[SourceTitle "EXT 2018"]
[Source "ChessBase"]
[SourceDate "2017.10.13"]
[SourceVersion "1"]
[SourceVersionDate "2017.10.13"]
[SourceQuality "1"]

1. d4 Nf6 2. c4 e6 3. Nc3 d5 4. cxd5 exd5 5. Bg5 Be7 6. e3 c6 7. Qc2 0-0 8. Bd3 Nbd7 9. Nf3 h6 10. Bh4 Nh5 11. Bxe7 Qxe7 12. 0-0-0 Nhf6 13. h3 Re8 14. Nd2 b6 15. Kb1 Bb7 16. Nb3 Rac8 17. Qe2 c5 18. dxc5 bxc5 19. Ba6 Bxa6 20. Qxa6 Nb6 21. Ka1 Red8 22. Nb5 Rd7 23. Rhe1 Rb8 24. Na5 Qe6 25. Rc1 Na4 26. Qxe6 fxe6 27. Nc3 Nxc3 28. Rxc3 Rb5 29. Nb3 Ne4 30. Rc2 c4 31. Nd4 Rb6 32. Nf3 Rf7 33. Ree2 Nc5 34. b3 Rfb7 35. Nd2 Nd3 36. bxc4 dxc4 37. Rxc4 Rb2 38. Rc3 Ne1 39. Rb3 R7xb3 40. axb3 Nd3 41. f4 Rc2 42. g4 g6 43. Rh2 Rc1+ 44. Ka2 Rc2+ 45. Ka3 Kf7 46. Nf3 Rc1 47. Ka4 a6 48. Ka5 Ra1+ 49. Kb6 Ra3 50. Nd4 Nb4 51. e4 Nd3 52. f5 gxf5 53. gxf5 e5 54. Rd2 Nf4 55. Nc6 Rxb3+ 56. Kc5 Rxh3 57. Rd6 Nd3+ 58. Rxd3 1-0

[Event "Arad op 10th"]
[Site "Arad"]
[Date "2017.08.07"]
[Round "2"]
[White "Yao, Stefano"]
[Black "Panainte, Daniel Iulian"]
[Result "1-0"]
[WhiteElo "2302"]
[BlackElo "2071"]
[PlyCount "41"]
[EventDate "2017.08.06"]
[EventType "swiss"]
[EventRounds "9"]
[EventCountry "ROU"]
[SourceTitle "CBM 179 Extra"]
[Source "ChessBase"]
[SourceDate "2017.08.23"]
[SourceVersion "1"]
[SourceVersionDate "2017.08.23"]
[SourceQuality "1"]

1. d4 f5 2. Nc3 Nf6 3. Bg5 d5 4. Bxf6 exf6 5. e3 c6 6. Bd3 Bd6 7. Qf3 g6 8. Nge2 b6 9. 0-0-0 Ba6 10. Nxd5 Bb7 11. Ndf4 Qe7 12. Ng3 0-0 13. h4 Qf7 14. h5 c5 15. hxg6 hxg6 16. Nxg6 Bxf3 17. Rh8+ Kg7 18. Nxf5+ Kxg6 19. Rh6+ Kg5 20. gxf3 Bg3 21. Rg1 1-0

[Event "ROM-chT2"]
[Site "Mamaia"]
[Date "2015.10.11"]
[Round "9.5"]
[White "Kelly, Ladislau Endre"]
[Black "Panainte, Daniel Iulian"]
[Result "0-1"]
[WhiteElo "2194"]
[BlackElo "2029"]
[PlyCount "132"]
[EventDate "2015.10.03"]
[EventType "team-tourn"]
[EventRounds "9"]
[EventCountry "ROU"]
[SourceTitle "CBM 169 Extra"]
[Source "ChessBase"]
[SourceDate "2015.12.18"]
[SourceVersion "1"]
[SourceVersionDate "2015.12.18"]
[SourceQuality "1"]
[WhiteTeam "Arad Vados"]
[BlackTeam "Buzau Pheonix"]
[WhiteTeamCountry "ROU"]
[BlackTeamCountry "ROU"]

1. c4 e6 2. g3 d5 3. Bg2 Nf6 4. Nf3 Be7 5. 0-0 0-0 6. d3 b6 7. cxd5 exd5 8. Nc3 Bb7 9. Bf4 c5 10. Qc2 Nc6 11. e4 Nb4 12. Qb1 dxe4 13. dxe4 Qd3 14. Ne5 Qxb1 15. Raxb1 Rad8 16. a3 Nd3 17. Nxd3 Rxd3 18. Rfd1 Rfd8 19. Rxd3 Rxd3 20. Bf1 Rd8 21. f3 h6 22. Rd1 Rxd1 23. Nxd1 Nd7 24. Bb5 Nf8 25. Kf2 Ne6 26. Be5 a6 27. Bc4 Nd8 28. Ne3 Nc6 29. Bc3 b5 30. Bd5 Nd8 31. Nf5 Bf8 32. Ba5 Bxd5 33. exd5 Nb7 34. Bc7 g6 35. Ne3 Bd6 36. Bxd6 Nxd6 37. b3 Kf8 38. Ke2 Ke7 39. Kd3 Nc8 40. a4 Kd6 41. axb5 axb5 42. h4 Ne7 43. Ng4 Nf5 44. f4 Kxd5 45. Nf6+ Kc6 46. Ne4 Nd4 47. b4 Ne6 48. Kc3 c4 49. Nf6 Kd6 50. Ng4 h5 51. Ne5 Ke7 52. Nc6+ Kf6 53. Ne5 Kf5 54. Nxf7 Kg4 55. Nd6 Nc7 56. Nxb5 Nxb5+ 57. Kxc4 Nc7 58. Kd4 Kxg3 59. Ke5 Kxh4 60. Kf6 Nd5+ 61. Kxg6 Nxf4+ 62. Kf5 Kg3 63. b5 Nd5 64. Ke5 Nb6 65. Kd6 h4 66. Kc5 Nc8 0-1

[Event "ROM-ch U20"]
[Site "Calimanesti"]
[Date "2014.04.11"]
[Round "7"]
[White "Panainte, Daniel Iulian"]
[Black "Nalbaru, Marin Ciprian"]
[Result "1-0"]
[WhiteElo "2026"]
[BlackElo "1001"]
[PlyCount "83"]
[EventDate "2014.04.06"]
[EventType "tourn"]
[EventRounds "9"]
[EventCountry "ROU"]
[SourceTitle "CBM 160 Extra"]
[Source "ChessBase"]
[SourceDate "2014.07.01"]
[SourceVersion "1"]
[SourceVersionDate "2014.07.01"]
[SourceQuality "1"]

1. e4 e5 2. Bc4 Nf6 3. Nc3 Bb4 4. Nge2 0-0 5. a3 Ba5 6. b4 Bb6 7. 0-0 c6 8. d4 exd4 9. Nxd4 d5 10. exd5 cxd5 11. Bb3 Bxd4 12. Qxd4 Nc6 13. Qd3 Be6 14. Bg5 h6 15. Bxf6 Qxf6 16. Nxd5 Bxd5 17. Qxd5 Rad8 18. Qh5 Rd4 19. Bd5 g6 20. Qf3 Rf4 21. Qh3 Rxf2 22. Bxc6 Rxf1+ 23. Rxf1 Qd4+ 24. Kh1 bxc6 25. Qxh6 Qc4 26. Rf2 Re8 27. h3 Re1+ 28. Kh2 Re2 29. Rf4 Qxc2 30. Qg5 Qd2 31. Rg4 Qd6+ 32. Rg3 Ra2 33. Qe3 a6 34. h4 Qd2 35. Qe8+ Kg7 36. h5 Qh6 37. Qe5+ Kf8 38. Rh3 g5 39. Kg1 g4 40. Re3 Ra1+ 41. Kh2 Qe6 42. Qh8+ 1-0

[Event "ROM-ch U20"]
[Site "Calimanesti"]
[Date "2013.04.03"]
[Round "3"]
[White "Hajbok, Robert"]
[Black "Panainte, Daniel Iulian"]
[Result "1-0"]
[WhiteElo "2366"]
[BlackElo "1943"]
[PlyCount "76"]
[EventDate "2013.04.02"]
[EventType "swiss"]
[EventRounds "9"]
[EventCountry "ROU"]
[SourceTitle "CBM 153 Extra"]
[Source "ChessBase"]
[SourceDate "2013.04.22"]
[SourceVersion "1"]
[SourceVersionDate "2013.04.22"]
[SourceQuality "1"]

1. e4 e6 2. d4 d5 3. Nc3 dxe4 4. Nxe4 Nd7 5. Bd3 Ngf6 6. Qe2 c5 7. dxc5 Nxc5 8. Nxc5 Bxc5 9. Bd2 Qb6 10. 0-0-0 Bd7 11. Nf3 0-0-0 12. Ne5 Bd4 13. Nc4 Qc7 14. g3 Nd5 15. Ba5 b6 16. Bd2 Bc6 17. Rhe1 Rhe8 18. Kb1 Kb8 19. Na3 Bc5 20. Nb5 Qb7 21. Qe5+ Ka8 22. Qxg7 Rg8 23. Qe5 Bxf2 24. Rf1 Bc5 25. Qe2 Rh8 26. Nc3 Nb4 27. Be4 Nd5 28. Nxd5 Bxd5 29. Bg5 Rd7 30. Bf6 Re8 31. Bxh7 b5 32. Bd3 Bg2 33. Rf4 a6 34. h4 Rg8 35. g4 Ka7 36. g5 Bd6 37. Rf2 Bd5 38. h5 Bg3 1-0

[Event "ROM-ch U20"]
[Site "Calimanesti"]
[Date "2013.04.03"]
[Round "2"]
[White "Panainte, Daniel Iulian"]
[Black "Stanciu, Alexandru Ovidiu"]
[Result "0-1"]
[WhiteElo "1943"]
[BlackElo "2356"]
[PlyCount "38"]
[EventDate "2013.04.02"]
[EventType "swiss"]
[EventRounds "9"]
[EventCountry "ROU"]
[SourceTitle "CBM 153 Extra"]
[Source "ChessBase"]
[SourceDate "2013.04.22"]
[SourceVersion "1"]
[SourceVersionDate "2013.04.22"]
[SourceQuality "1"]

1. e4 c5 2. c4 Nc6 3. Nc3 g6 4. g3 d6 5. Bg2 Nf6 6. Nge2 h5 7. d3 h4 8. Bg5 h3 9. Bf3 Nd7 10. 0-0 Bg7 11. Rb1 Nde5 12. Bh1 0-0 13. Qd2 Kh7 14. Nd5 f6 15. Be3 Ng4 16. f4 e6 17. Ndc3 f5 18. Bf3 Nxe3 19. Qxe3 Bd4 0-1

[Event "ROM-chT U18"]
[Site "Mamaia"]
[Date "2012.09.06"]
[Round "5"]
[White "Panainte, Daniel Iulian"]
[Black "Camarascu, Radu Stefan"]
[Result "1/2-1/2"]
[WhiteElo "1982"]
[BlackElo "1790"]
[PlyCount "88"]
[EventDate "2012.09.03"]
[EventType "team-swiss"]
[EventRounds "7"]
[EventCountry "ROU"]
[SourceTitle "CBM 150 Extra"]
[Source "ChessBase"]
[SourceDate "2012.10.19"]
[SourceVersion "1"]
[SourceVersionDate "2012.10.19"]
[SourceQuality "1"]

1. e4 c5 2. Nf3 Nc6 3. g3 e6 4. Nc3 Be7 5. Bg2 d6 6. 0-0 Nf6 7. d4 cxd4 8. Nxd4 0-0 9. Nb3 a6 10. a4 Qc7 11. f4 Rb8 12. a5 b6 13. axb6 Qxb6+ 14. Kh1 Bb7 15. Qf3 Nb4 16. Be3 Qc7 17. Rf2 d5 18. exd5 Nfxd5 19. Nxd5 Bxd5 20. Qe2 Nxc2 21. Qxc2 Qxc2 22. Rxc2 Bxg2+ 23. Kxg2 Rxb3 24. Bd4 Ra8 25. Rc7 Bf8 26. Bc3 a5 27. Rc4 Be7 28. Kf2 h6 29. Ke2 Bf6 30. Ra2 Bxc3 31. Rxc3 Rab8 32. Rxb3 Rxb3 33. Kd2 Kf8 34. Kc2 Rb5 35. b3 Ke7 36. Kb2 Kd6 37. Ka3 Kc6 38. Rd2 g5 39. Rd4 Kb6 40. Ka4 Rd5 41. Rc4 e5 42. fxe5 Rxe5 43. Rd4 Kc7 44. Rc4+ Kd7 1/2-1/2

[Event "EU-ch U18"]
[Site "Prague"]
[Date "2012.08.24"]
[Round "8"]
[White "Pospisil, Martin"]
[Black "Panainte, Daniel Iulian"]
[Result "1-0"]
[WhiteElo "2084"]
[BlackElo "2005"]
[PlyCount "105"]
[EventDate "2012.08.17"]
[EventType "swiss"]
[EventRounds "9"]
[EventCountry "CZE"]
[SourceTitle "CBM 150 Extra"]
[Source "ChessBase"]
[SourceDate "2012.10.19"]
[SourceVersion "1"]
[SourceVersionDate "2012.10.19"]
[SourceQuality "1"]

1. d4 d5 2. c4 e6 3. Nf3 Nf6 4. g3 Be7 5. Bg2 0-0 6. 0-0 Nbd7 7. Qc2 c6 8. Nbd2 b6 9. e4 dxe4 10. Nxe4 Bb7 11. Bf4 Nxe4 12. Qxe4 Nf6 13. Qe2 c5 14. Rfd1 Qe8 15. Rd2 cxd4 16. Nxd4 Bxg2 17. Kxg2 Bc5 18. Rad1 Rd8 19. Be5 Bxd4 20. Rxd4 Rxd4 21. Rxd4 Qc6+ 22. Qf3 Qxf3+ 23. Kxf3 Rc8 24. b3 Kf8 25. Bxf6 gxf6 26. Rd7 a6 27. Ke3 Rc6 28. Kd4 a5 29. Kc3 Kg7 30. a4 e5 31. Rd5 Kg6 32. b4 axb4+ 33. Kxb4 Kf5 34. f3 Ke6 35. Rd8 f5 36. a5 bxa5+ 37. Kb5 Rc7 38. c5 Rb7+ 39. Kxa5 Rb2 40. c6 Rc2 41. Kb6 Rb2+ 42. Ka7 Rc2 43. Kb7 Rb2+ 44. Kc8 Ke7 45. Rd5 f6 46. Rd7+ Ke8 47. Rxh7 e4 48. fxe4 fxe4 49. Rh4 f5 50. Rf4 Rxh2 51. Rxf5 Rc2 52. Re5+ Kf7 53. c7 1-0

[Event "EU-ch U18"]
[Site "Prague"]
[Date "2012.08.17"]
[Round "1"]
[White "Panainte, Daniel Iulian"]
[Black "Van Overdam, Julian"]
[Result "0-1"]
[WhiteElo "2005"]
[BlackElo "2273"]
[PlyCount "68"]
[EventDate "2012.08.17"]
[EventType "swiss"]
[EventRounds "9"]
[EventCountry "CZE"]
[SourceTitle "CBM 150 Extra"]
[Source "ChessBase"]
[SourceDate "2012.10.19"]
[SourceVersion "1"]
[SourceVersionDate "2012.10.19"]
[SourceQuality "1"]

1. e4 c5 2. Nf3 e6 3. Nc3 d6 4. g3 Nc6 5. Bg2 Nf6 6. 0-0 Be7 7. Qe2 0-0 8. d3 Qc7 9. Re1 Bd7 10. Bg5 h6 11. Bc1 Rfe8 12. b3 Nd4 13. Qd2 e5 14. Nd1 Bc6 15. c4 b5 16. Ne3 bxc4 17. bxc4 Rab8 18. Nxd4 cxd4 19. Nd5 Nxd5 20. exd5 Ba4 21. f4 exf4 22. gxf4 Bh4 23. Re4 f5 24. Re6 Bd7 25. Rxe8+ Bxe8 26. Bf3 Bf7 27. Qc2 Re8 28. Bd2 g5 29. Rb1 g4 30. Bd1 Be1 31. Bxe1 Rxe1+ 32. Kg2 Qe7 33. Qd2 Qh4 34. Qf2 Qh3# 0-1

[Event "ROM-ch U16"]
[Site "Voineasa"]
[Date "2010.04.08"]
[Round "1"]
[White "Panainte, Daniel Iulian"]
[Black "Soare, Flavius Alexandru"]
[Result "1-0"]
[WhiteElo "1907"]
[BlackElo "1709"]
[PlyCount "71"]
[EventDate "2010.04.08"]
[EventType "swiss"]
[EventRounds "9"]
[EventCountry "ROU"]
[SourceTitle "EXT 2020"]
[Source "ChessBase"]
[SourceDate "2019.10.17"]
[SourceVersion "1"]
[SourceVersionDate "2019.10.17"]
[SourceQuality "1"]

1. e4 e5 2. Nf3 Nc6 3. Bc4 Nf6 4. Ng5 d5 5. exd5 Nxd5 6. d4 Be7 7. Nxf7 Kxf7 8. Qf3+ Ke8 9. Bxd5 Nxd4 10. Qf7+ Kd7 11. 0-0 Qf8 12. Qh5 Qf5 13. Qd1 Qxc2 14. Qg4+ Qf5 15. Qxg7 Rf8 16. Be3 Nc2 17. Nc3 Nxa1 18. Rd1 Ke8 19. Nb5 Bd6 20. Bf3 Qg6 21. Nxc7+ Bxc7 22. Qxc7 Be6 23. Bxb7 Rf7 24. Bc6+ Kf8 25. Qd6+ Kg8 26. Bxa8 Rd7 27. Qb8+ Kf7 28. Rxd7+ Bxd7 29. Bd5+ Be6 30. Qc7+ Kf6 31. Qd8+ Kg7 32. Qe7+ Kh8 33. Qf8+ Bg8 34. Qxg8+ Qxg8 35. Bxg8 Kxg8 36. Bxa7 1-0